[Event "45th Olympiad 2024"]
[Site "Budapest HUN"]
[Date "2024.09.11"]
[Round "1.52"]
[Board "1"]
[White "Galaviz Medina, Sion Radamantys"]
[Black "D'Amico, Nicola"]
[Result "1-0"]
[WhiteElo "2488"]
[BlackElo "1801"]
[PlyCount "49"]
[EventDate "2024.09.11"]
[WhiteTeam "Mexico"]
[BlackTeam "San Marino"]
[WhiteTeamCountry "MEX"]
[BlackTeamCountry "SMR"]

1. d4 d5 2. c4 e6 3. Nc3 Nf6 4. cxd5 exd5 5. Bg5 c6 6. e3 h6 7. Bh4 Bd6 8. Bd3 O-O 9. Nge2 ({RR} 9. Qc2 Re8 10. Nf3 Be6 11. Ne5 c5 12. O-O cxd4 13. exd4 Nc6 14. Nxc6 bxc6 15. Bg3 Bxg3 16. hxg3 Ng4 17. Bf5 Qf6 18. Bxg4 Bxg4 19. Qd2 Rab8 20. Rfe1 Rxe1+ 21. Rxe1 Qg5 22. Qxg5 hxg5 23. b3 Rb4 {1-0 Sarana,A (2654)-Esipenko,A (2682) Chess.com U20 Speed blitz 2020 (1.17)}) 9... Re8 10. h3 Nbd7 ({RR} 10... b5 11. Rc1 Bd7 12. O-O a5 13. e4 b4 14. e5 g5 15. Bg3 bxc3 16. exd6 cxb2 17. Rb1 Ne4 18. Be5 Bf5 19. Qc2 Qd7 20. Ng3 Bg6 21. Rxb2 c5 22. Bb5 Nc6 23. Nxe4 Bxe4 24. Qxc5 Rec8 25. Rc1 {1-0 Urkedal,F (2560)-Tomaszewski,K (2300) Norway Chess Open GM 2024 (9.4)}) 11. O-O Qc7 $146 ({RR} 11... Nf8 12. Qc2 a5 13. a3 Ne6 14. Bg3 Bxg3 15. Nxg3 Ng5 16. Rae1 Nxh3+ 17. gxh3 Bxh3 18. Bf5 Bxf1 19. Rxf1 g6 20. Bh3 h5 21. Kg2 Kg7 22. Rg1 b5 23. Nce2 Qd6 24. Kf1 Kf8 25. Nf4 Ne4 26. Nd3 {1-0 Bluebaum,M (2646)-Nevednichy,V (2531) GER-ROM online blitz 2020 (3)}) ({RR} 11... Nf8 12. Qd2 Ng6 13. Bg3 Ne4 14. Bxe4 dxe4 15. a3 Nh4 16. Qc2 Bf5 17. b4 Re6 18. Bxd6 Qxd6 19. Ng3 Rae8 20. Nce2 Rf6 21. Qc5 Qd7 22. Nf4 b6 23. Qc4 Ng6 24. Nfh5 Rd6 25. Nxf5 Qxf5 26. Ng3 {1-0 Sarana,A (2675)-Narayanan,S (2559) Titled Tuesday intern op 26th Apr Early blitz 2022 (11)}) 12. Qc2 a5 13. Rae1 b5 14. Bg3 b4 15. Nb5 cxb5 16. Qxc7 Bxc7 17. Bxc7 Ne4 18. Rc1 Nd2 19. Rfe1 Nc4 20. b3 Na3 21. Nf4 Bb7 22. Bf5 Nf8 23. Be5 Ne6 24. Bxe6 fxe6 25. Rc7 1-0

[Event "45th Olympiad 2024"]
[Site "Budapest HUN"]
[Date "2024.09.11"]
[Round "1.52"]
[Board "2"]
[White "Righi, Ezio"]
[Black "Cori Quispe, Kevin Joel"]
[Result "0-1"]
[WhiteElo "1909"]
[BlackElo "2461"]
[PlyCount "82"]
[EventDate "2024.09.11"]
[WhiteTeam "San Marino"]
[BlackTeam "Mexico"]
[WhiteTeamCountry "SMR"]
[BlackTeamCountry "MEX"]

1. e4 c5 2. Nf3 Nc6 3. d4 cxd4 4. Nxd4 Nf6 5. Nc3 d6 6. Be2 g6 7. Be3 Bg7 8. Qd2 Ng4 9. Bxg4 Bxg4 10. f3 Be6 11. h4 ({RR} 11. Nxe6 fxe6 12. Bh6 Bf6 13. Ne2 Qa5 14. Qxa5 Nxa5 15. O-O-O g5 16. f4 gxf4 17. Bxf4 Rg8 18. g3 Nc6 19. Rhf1 Be5 20. Bxe5 Nxe5 21. Nf4 Kd7 22. Nd3 Ng4 23. Rf4 Ke8 24. Rd2 e5 25. Rf3 Nf6 {½-½ Ragger,M (2701)-Georgiadis,N (2534) AUT-chT 1819 2018 (1.4)}) ({RR} 11. Nxe6 fxe6 12. Bh6 Bf6 13. Bg5 Be5 14. Nd1 Qb6 15. Be3 Qa6 16. Qe2 Rb8 17. c3 d5 18. Nf2 d4 19. cxd4 Nxd4 20. Bxd4 Bxd4 21. Qxa6 bxa6 22. Nd3 Bxb2 23. Rb1 Bc3+ 24. Ke2 Kf7 25. Rhc1 Bd4 {½-½ Miranda Mesa,E (2512)-Vallejo Pons,F (2657) 45th Olympiad 2024 (3.12)}) 11... Ne5 12. b3 h5 $146 ({RR} 12... a5 13. a4 h5 14. O-O O-O 15. Rad1 Rc8 16. Rfe1 Bf6 17. Bf2 Nc6 18. Nce2 Kh7 19. Nb5 Qd7 20. Nf4 Nb4 21. c4 Qd8 22. Nc3 Re8 23. Re2 Qc7 24. Nb5 Qd8 25. Qe1 Be5 26. Be3 Na6 27. Nd3 {1-0 Karthik,V (2515)-Chirag,M (1600) Chennai op 11th 2019 (1)}) 13. Nd5 Rc8 14. Rd1 O-O 15. c4 a6 16. O-O Bd7 17. g3 b5 18. cxb5 axb5 19. Rc1 e6 20. Rxc8 Bxc8 21. Nb4 Bd7 22. Rc1 Qa8 23. Kg2 f5 24. exf5 Rxf5 25. Nxf5 Qxf3+ 26. Kg1 Qxf5 27. Qf2 Qg4 28. Qf4 Qe2 29. Qf2 Qg4 30. Qf4 Qh3 31. Rc2 Ng4 32. Qf3 Be5 33. Rg2 Nxe3 34. Qxe3 Qg4 35. Qd2 Bd4+ 36. Kf1 Qf3+ 37. Rf2 Qh1+ 38. Ke2 Qe4+ 39. Kf1 e5 40. Nc2 Bh3+ 41. Kg1 Qg2# 0-1

[Event "45th Olympiad 2024"]
[Site "Budapest HUN"]
[Date "2024.09.11"]
[Round "1.53"]
[Board "1"]
[White "Asante Debesai Zerabruk"]
[Black "Cori, Jorge"]
[Result "0-1"]
[WhiteElo "1908"]
[BlackElo "2609"]
[PlyCount "94"]
[EventDate "2024.09.11"]
[WhiteTeam "Eritrea"]
[BlackTeam "Peru"]
[WhiteTeamCountry "ERI"]
[BlackTeamCountry "PER"]

1. e4 c5 2. Nf3 Nc6 3. Bb5 g6 4. Bxc6 dxc6 5. d3 Bg4 6. Nbd2 Bg7 7. h3 Bxf3 8. Nxf3 Nf6 9. a4 O-O 10. O-O Nd7 ({RR} 10... a5 11. Be3 b6 12. Qc1 Nd7 13. Bh6 e5 14. Nh2 Qe7 15. Bxg7 Kxg7 16. Ng4 h5 17. Qh6+ Kg8 18. Ne3 Qf6 19. b3 b5 20. f4 exf4 21. Qxf4 Qxf4 22. Rxf4 Ne5 23. Rf6 Rfd8 24. axb5 cxb5 25. Rb6 {0-1 Gutierrez Carmona,J (2095)-Bonin,J (2166) Titled Tue 9th Jan Early 2024 (9)}) 11. Be3 b6 12. Qc1 $146 ({RR} 12. Ra2 Ne5 13. Nxe5 Bxe5 14. a5 Bd4 15. b3 b5 16. Qe2 a6 17. Kh1 Bxe3 18. fxe3 Qc7 19. Raa1 Qe5 20. Rae1 e6 21. Qf2 f5 22. Qf4 Qxf4 23. exf4 Rfe8 24. Re3 Kf7 25. Rfe1 Rad8 26. g4 fxg4 {0-1 Shuvalova,P (2454)-Karthikeyan,M (2606) RUS-Gurukul U16 Online Battle blitz 2020}) 12... Ne5 13. Nh2 e6 14. f4 Nd7 15. Nf3 Qe7 16. e5 f6 17. exf6 Nxf6 18. Kh1 Nh5 19. Rf2 Qd6 20. Nd2 Qd5 21. Ne4 c4 22. Nc3 Bxc3 23. bxc3 cxd3 24. Rd2 e5 25. Rxd3 Qe6 26. Qd2 Ng3+ 27. Kg1 exf4 28. Bf2 Ne4 29. Re1 Rae8 30. Qd1 Qf5 31. Qf3 Re6 32. Rd4 Ng5 33. Qd3 Rxe1+ 34. Bxe1 f3 35. Qxf5 Rxf5 36. h4 fxg2 37. hxg5 Rf1+ 38. Kxg2 Rxe1 39. Rd8+ Kf7 40. Rd7+ Re7 41. Rd2 Ke6 42. Rf2 Kd5 43. Rf4 Re2+ 44. Kg1 Re5 45. Rg4 Re4 46. Rg3 Rxa4 47. Kf2 Ra2 0-1

[Event "45th Olympiad 2024"]
[Site "Budapest HUN"]
[Date "2024.09.11"]
[Round "1.53"]
[Board "3"]
[White "Lilay Weldu Gebru"]
[Black "Fernandez Sanchez, Fernando Miguel"]
[Result "0-1"]
[WhiteElo "1977"]
[BlackElo "2399"]
[PlyCount "88"]
[EventDate "2024.09.11"]
[WhiteTeam "Eritrea"]
[BlackTeam "Peru"]
[WhiteTeamCountry "ERI"]
[BlackTeamCountry "PER"]

1. e4 c5 2. Bc4 Nc6 3. Qh5 e6 4. c3 ({RR} 4. d3 Nf6 5. Qd1 d5 6. exd5 exd5 7. Bb3 Be7 8. Ne2 O-O 9. Bf4 Be6 10. Nd2 b5 11. c3 Re8 12. O-O Nh5 13. Bg3 Bg4 14. f3 Bf5 15. Bc2 d4 16. Ne4 Nxg3 17. N2xg3 Be6 18. Re1 Qb6 {0-1 Oberfrank,I (2075)-Krutti,V (2360) Tapolca op Budapest 1999 (3)}) ({RR} 4. d3 Nf6 5. Qe2 Nd4 6. Qd1 b5 7. Bb3 Bb7 8. Ne2 Nxb3 9. axb3 d5 10. f3 Be7 11. O-O O-O 12. Be3 a6 13. Nd2 Rc8 14. Qe1 dxe4 15. fxe4 Ng4 16. Bf4 e5 17. h3 exf4 18. hxg4 Bh4 {0-1 Novikov,E (2276)-Antunes,L (2045) Titled Tue 14th May Late 2024 (5)}) 4... Nf6 5. Qe2 Nxe4 $146 ({RR} 5... d6 6. d3 a6 7. Nf3 Qc7 8. Bf4 Nh5 9. Bd2 Nf6 10. Na3 Be7 11. Nc2 h6 12. d4 b5 13. e5 dxe5 14. dxe5 Nd7 15. Bd3 Ndxe5 16. Be4 Nxf3+ 17. Qxf3 Bb7 18. Bxc6+ Qxc6 19. Qxc6+ Bxc6 20. f3 {0-1 Lewicki,K-Brejer,R POL-ch Army Kolobrzeg 2008 (4)}) ({RR} 5... Be7 6. d3 O-O 7. Na3 d5 8. Bb3 Re8 9. e5 Nd7 10. Nf3 Qa5 11. Bd2 c4 12. dxc4 Bxa3 13. bxa3 Qxa3 14. O-O dxc4 15. Bxc4 Qc5 16. Be3 Qa5 17. Bd4 Nxd4 18. cxd4 Nb6 19. Bb3 Bd7 20. Rfc1 {1-0 Salvadora,A (1772)-Pillay,R (1353) Olympiad-43 Batumi 2018 (9.3)}) 6. Nf3 d5 7. Bb3 Be7 8. d3 Nd6 9. Bf4 O-O 10. O-O f6 11. Re1 Nf7 12. h3 e5 13. Bh2 Re8 14. Nbd2 Bf8 15. a3 Be6 16. Bc2 Rc8 17. b3 b5 18. Bg3 Qd7 19. Rad1 a6 20. Nf1 g6 21. Kh2 Bg7 22. N1d2 f5 23. Kg1 Qe7 24. Nb1 e4 25. dxe4 dxe4 26. Nh2 Qf6 27. Nf1 c4 28. b4 Nce5 29. Bxe5 Nxe5 30. Rd6 Ra8 31. Qe3 Qe7 32. Qb6 Rab8 33. Qxa6 Bc8 34. Qxc8 Rexc8 35. Rd5 Qe6 36. Rd2 Rd8 37. a4 Rxd2 38. Nbxd2 Nd3 39. Re2 Bxc3 40. axb5 Rxb5 41. Ne3 Nf4 42. Kf1 Nxe2 43. Kxe2 Bxd2 44. Kxd2 Qd6+ 0-1

[Event "45th Olympiad 2024"]
[Site "Budapest HUN"]
[Date "2024.09.11"]
[Round "1.54"]
[Board "1"]
[White "Ferreira, Jorge Viterbo"]
[Black "Muhammed, Shuaau"]
[Result "1/2-1/2"]
[WhiteElo "2535"]
[BlackElo "2052"]
[PlyCount "82"]
[EventDate "2024.09.11"]
[WhiteTeam "Portugal"]
[BlackTeam "Maldives"]
[WhiteTeamCountry "POR"]
[BlackTeamCountry "MDV"]

1. e4 e5 2. Nf3 Nc6 3. Bb5 a6 4. Ba4 Nf6 5. O-O Be7 6. Re1 b5 7. Bb3 d6 8. c3 O-O 9. h3 Nb8 10. d4 Nbd7 11. Nbd2 Bb7 12. Bc2 Re8 13. Nf1 Bf8 14. Ng3 g6 15. Bd2 Bg7 16. Qc1 d5 17. Bg5 Qc8 ({RR} 17... h6 18. Bxh6 dxe4 19. Nxe5 Nxe5 20. dxe5 Rxe5 21. Bf4 Re6 22. Rd1 Qe7 23. Bb3 Rb6 24. Qe3 a5 25. Bh6 Qe5 26. f4 Qe7 27. f5 a4 28. fxg6 axb3 29. Bxg7 fxg6 30. Bxf6 Rxf6 31. axb3 Kg7 32. Rxa8 {1-0 Brodsky,D (2492)-Jiang,A (2213) Charlotte Open 2024 (2.3)}) 18. dxe5 Nxe4 19. Bf4 Ndc5 ({RR} 19... f5 20. exf6 Ndxf6 21. Nxe4 Nxe4 22. Nd2 Nxd2 23. Qxd2 Qd7 24. Be3 Qd6 25. b4 Rad8 26. Bd4 Bf8 27. Qg5 Be7 28. Qh6 Bf8 29. Qg5 Be7 30. Qe3 Bf8 31. Qxe8 Rxe8 32. Rxe8 Bc6 33. Bc5 Qxc5 34. bxc5 {½-½ Bacrot,E (2671)-Amin,B (2699) Karpov Trophy final rapid 2019 (1.3)}) 20. Nf1 $146 ({RR} 20. Nd4 Nxg3 21. Bxg3 Ne4 22. Bf4 Qd7 23. Nb3 f6 24. e6 Qc6 25. Na5 Qb6 26. Be3 c5 27. Nxb7 Qxb7 28. f3 Ng5 29. Bxg5 fxg5 30. Qxg5 Qc6 31. Rad1 Rad8 {½-½ Saypuri,S (2172)-Vishwa,V (2199) RADNICKICHESS IM Oct 2022 (2.3)}) 20... Ne6 21. Bh6 c5 22. Bxg7 Kxg7 23. N3h2 f5 24. h4 c4 25. Nf3 b4 26. cxb4 d4 27. Ba4 Rd8 28. N3d2 Nxd2 29. Qxd2 Bd5 30. f3 Qb7 31. Ng3 Rab8 32. a3 a5 33. b5 Qb6 34. Kh2 d3 35. Nf1 Qd4 36. Qxa5 Qxh4+ 37. Kg1 Ra8 38. Qb4 Qd4+ 39. Kh1 Qh4+ 40. Kg1 Qd4+ 41. Kh1 Qh4+ 1/2-1/2

[Event "45th Olympiad 2024"]
[Site "Budapest HUN"]
[Date "2024.09.11"]
[Round "1.55"]
[Board "3"]
[White "Nathoo, Loris"]
[Black "Karacsonyi, Gellert"]
[Result "0-1"]
[WhiteElo "1788"]
[BlackElo "2403"]
[PlyCount "86"]
[EventDate "2024.09.11"]
[WhiteTeam "Guyana"]
[BlackTeam "Hungary C"]
[WhiteTeamCountry "GUY"]

1. d4 d5 2. Nf3 Nf6 3. Bf4 Bf5 4. e3 e6 5. Nbd2 Bd6 6. Ne5 Nbd7 7. Ndf3 ({RR} 7. Be2 h6 8. O-O O-O 9. c4 a5 10. Rc1 a4 11. c5 Bxe5 12. dxe5 Ne4 13. Nxe4 Bxe4 14. Qd4 c6 15. Bg3 Qa5 16. f3 Bg6 17. Be1 Qc7 18. Bc3 Rfb8 19. Rfd1 b6 20. cxb6 Rxb6 21. e4 Qb7 {0-1 Praggnanandhaa,R (2749)-Vidit,S (2720) FIDE World Bl Team Final 2024 (3.2)}) ({RR} 7. Be2 Ne4 8. g4 Bg6 9. h4 Bxe5 10. dxe5 h6 11. h5 Bh7 12. Nxe4 Bxe4 13. f3 Bh7 14. Qd2 Qe7 15. O-O-O O-O-O 16. Kb1 Qc5 17. Rc1 Nb6 18. Qd4 Qe7 19. Bd3 c5 20. Qc3 Kb8 21. Rcg1 Bxd3 {0-1 Rian,K (2089)-Meunier-Pion,J (2179) Titled Tue 30th Jan Late 2024 (9)}) 7... O-O 8. Bd3 Bxd3 9. cxd3 $146 ({RR} 9. Nxd3 Ne4 10. Nde5 f6 11. Nxd7 Qxd7 12. Bxd6 {½-½ Wulff,J (1734)-Kuehne,H (1639) Mecklenburg VP VL 1213 2012 (2.8)}) ({RR} 9. Qxd3 Ne4 10. Nxd7 Qxd7 11. Ne5 Qe7 12. f3 Nf6 13. O-O-O c5 14. dxc5 Bxc5 15. Bg5 h6 16. h4 Rfd8 17. Ng4 h5 18. Nxf6+ gxf6 19. Bh6 f5 20. e4 dxe4 21. Qc3 f6 22. fxe4 fxe4 23. Rhf1 e5 {1-0 Segovia Sanchez,A (2116)-Zubia Aramburu,M (2009) San Sebastian op 13th 2003 (6)}) 9... Bb4+ 10. Kf1 c6 11. h3 a5 12. Qb3 Qb6 13. a3 Be7 14. Qc2 a4 15. g4 Nxe5 16. Nxe5 Rfc8 17. Qd2 Ra5 18. Kg2 Rb5 19. Rhb1 Rb3 20. Bh2 Qb5 21. Ra2 Bxa3 22. g5 Ne8 23. Qe2 Bd6 24. Rba1 Ra8 25. Rd1 Qb4 26. h4 Bxe5 27. Bxe5 Nd6 28. h5 Nf5 29. h6 Qe7 30. Rg1 Qxg5+ 31. Kf1 Qxh6 32. Qc2 Ra6 33. e4 f6 34. exf5 fxe5 35. fxe6 Qxe6 36. dxe5 Qxe5 37. Rg3 Qh5 38. Kg2 Rb4 39. Rxg7+ Kxg7 40. Qc3+ d4 41. Qxb4 Qd5+ 42. Kg1 c5 43. Qc4 Qf3 0-1

[Event "45th Olympiad 2024"]
[Site "Budapest HUN"]
[Date "2024.09.11"]
[Round "1.57"]
[Board "2"]
[White "Stojanovic, Dalibor"]
[Black "Bonne, Robin"]
[Result "1-0"]
[WhiteElo "2448"]
[BlackElo "1707"]
[PlyCount "81"]
[EventDate "2024.09.11"]
[WhiteTeam "Bosnia & Herzegovina"]
[BlackTeam "Seychelles"]
[WhiteTeamCountry "BIH"]
[BlackTeamCountry "SEY"]

1. e4 e5 2. Bc4 Nf6 3. d3 g6 ({RR} 3... Bb4+ 4. c3 Be7 5. Nf3 Nc6 6. Nbd2 O-O 7. O-O d6 8. Bb3 b5 9. Re1 a5 10. d4 a4 11. Bc2 exd4 12. cxd4 Bg4 13. h3 Bh5 14. d5 Nb4 15. a3 Nxc2 16. Qxc2 Bg6 17. Nh4 c5 18. dxc6 {½-½ Dvoretzky,M (2495)-Romanishin,O (2485) URS-chT Republics 13th final A 1975 (3)}) 4. Nf3 d5 $146 ({RR} 4... d6 5. Ng5 d5 6. exd5 h6 7. Nf3 Bg4 8. Nc3 Bb4 9. Bd2 O-O 10. Bxh6 Re8 11. Bg5 Qd6 12. O-O Bxc3 13. bxc3 Nxd5 14. Bd2 Nd7 15. Qe2 Nc5 16. h3 Bf5 17. g4 Bd7 18. Rfe1 e4 19. d4 {1-0 Garvanliev,K (1477)-Bergmann,A (1318) Main Vogelsberg Seniors-ch 1st 2006 (4)}) ({RR} 4... Bg7 5. Nc3 O-O 6. Bg5 d6 7. O-O Nbd7 8. Qd2 c6 9. h3 Qc7 10. Bh6 b6 11. Bxg7 Kxg7 12. a3 Bb7 13. d4 d5 14. exd5 cxd5 15. Ba2 e4 16. Ne1 Rfe8 17. Qe3 Nh5 18. Ne2 Ba6 19. Bxd5 {0-1 Nguyen,N (2128)-Nguyen,N (2139) VIE-ch U13 Girls 2022 (8)}) ({RR} 4... d6 5. Ng5 d5 6. exd5 Bd6 7. Ne4 Nbd7 8. Bh6 Bf8 9. Bxf8 Nxf8 10. Qf3 N8d7 11. Nbc3 O-O 12. g4 Kg7 13. O-O-O Nb6 14. Nxf6 Qxf6 15. Qxf6+ Kxf6 16. f3 Bd7 17. h4 Kg7 18. Rde1 Rae8 19. Ne4 {0-1 Strelnikova,E (2008)-Sychev,V (2079) Voronezh op-B 13th 2009 (8)}) 5. exd5 Nxd5 6. Nxe5 Be6 7. O-O Bg7 8. Re1 O-O 9. Nd2 Nc6 10. Nxc6 bxc6 11. Ne4 Rb8 12. Bb3 Re8 13. Bg5 f6 14. Bd2 Qc8 15. Qf3 f5 16. Ng5 Qd7 17. Rxe6 Rxe6 18. Nxe6 Qxe6 19. Re1 Qd7 20. c3 h6 21. Qe2 Kh7 22. Qe6 Qxe6 23. Rxe6 Rb6 24. d4 Nf6 25. Bf4 Nd5 26. Bc1 g5 27. Bc2 Nf6 28. Bxf5+ Kh8 29. Re7 Rb5 30. Bd3 Rb7 31. b4 Bf8 32. Rf7 Bg7 33. Ba6 Rb6 34. Bc4 Rb7 35. Bb3 Nd5 36. Rd7 Nf6 37. Rd8+ Ng8 38. Rxg8+ Kh7 39. Re8 Kg6 40. Re6+ Kh5 41. Bd1+ 1-0

[Event "45th Olympiad 2024"]
[Site "Budapest HUN"]
[Date "2024.09.11"]
[Round "1.57"]
[Board "3"]
[White "Pillay, Ragul"]
[Black "Burovic, Rijad"]
[Result "0-1"]
[WhiteElo "1633"]
[BlackElo "2426"]
[PlyCount "46"]
[EventDate "2024.09.11"]
[WhiteTeam "Seychelles"]
[BlackTeam "Bosnia & Herzegovina"]
[WhiteTeamCountry "SEY"]
[BlackTeamCountry "BIH"]

1. d4 Nf6 2. c4 g6 3. Nc3 Bg7 4. Nf3 O-O 5. e3 d6 6. Be2 Nbd7 7. O-O e5 8. dxe5 dxe5 9. Qc2 c6 10. Ne4 $146 ({RR} 10. e4 Qe7 11. Bg5 h6 12. Bd2 Ne8 13. Rad1 f5 14. exf5 gxf5 15. Bc1 Nc5 16. Rfe1 Ne6 17. Be3 f4 18. Bc1 Nc5 19. b4 Bf5 20. Qd2 Ne6 21. c5 e4 22. Nxe4 Bxe4 23. Bc4 Bd5 24. Bxd5 cxd5 {½-½ Langos,J-Tranmer,E World-ch (Women) 1949 (5)}) ({RR} 10. Rd1 Qc7 11. b3 Re8 12. Bb2 Nf8 13. Rac1 Bf5 14. e4 Bg4 15. h3 Bxf3 16. Bxf3 a6 17. g3 Rad8 18. Bg2 Rxd1+ 19. Rxd1 Rd8 20. Rxd8 Qxd8 21. Qd1 Qxd1+ 22. Nxd1 Ne8 23. b4 Ne6 {½-½ Zacurdajev,M (2376)-Zacurdajev,D (2273) Tosno Gubernator Cup Lenregion op 2009 (9)}) ({RR} 10. Rd1 Re8 11. b3 Qe7 12. Bb2 e4 13. Nd2 Nf8 14. a4 Bf5 15. Ba3 Qe6 16. Nf1 h5 17. Rd6 Qc8 18. Rad1 h4 19. c5 N8h7 20. Bb2 Ng5 21. Nb1 Re6 22. Rxe6 Bxe6 23. Bc4 h3 24. Nbd2 hxg2 {0-1 Ardila,O (1971)-Annaberdiyev,B (2208) Titled Tue 28th May Late 2024 (1)}) ({RR} 10. b3 Qc7 11. Bb2 Nc5 12. Nd2 Bf5 13. e4 Bg4 14. f3 Bd7 15. Rfd1 Rad8 16. b4 Ne6 17. c5 b5 18. a4 Nd4 19. Qc1 Bh6 20. Ra3 Be6 21. Qb1 Nxe2+ 22. Nxe2 Bxd2 23. Ba1 Bxb4 24. Rxd8 Bxc5+ {0-1 Csaplar,V (1352)-Bencik,P (1952) SVK-chT2B 1819 2018 (3.7)}) 10... Nxe4 11. Qxe4 Nc5 12. Qc2 Bf5 13. Qd1 Qb6 14. Nd2 Rfd8 15. a3 a5 16. b3 Rd7 17. Bg4 Bxg4 18. Qxg4 Rad8 19. Ra2 e4 20. Nxe4 f5 21. Qg5 Nxe4 22. Qf4 Qxb3 23. Re2 Rd1 0-1

[Event "45th Olympiad 2024"]
[Site "Budapest HUN"]
[Date "2024.09.11"]
[Round "1.60"]
[Board "1"]
[White "Kulaots, Kaido"]
[Black "Al Ibrahim, Abdulrahman"]
[Result "1-0"]
[WhiteElo "2506"]
[BlackElo "1932"]
[PlyCount "65"]
[EventDate "2024.09.11"]
[WhiteTeam "Estonia"]
[BlackTeam "Kuwait"]
[WhiteTeamCountry "EST"]
[BlackTeamCountry "KUW"]

1. e4 e5 2. Nf3 Nc6 3. Bb5 a6 4. Ba4 Nf6 5. O-O Be7 6. d3 b5 7. Bb3 d6 8. a4 Bd7 9. c3 O-O 10. Bc2 d5 ({RR} 10... b4 11. Re1 Re8 12. a5 Rb8 13. Nbd2 Bf8 14. Bb3 bxc3 15. bxc3 h6 16. h3 Be6 17. Ba4 Bd7 18. Nc4 Ne7 19. Bc2 Ng6 20. d4 exd4 21. cxd4 d5 22. exd5 Rxe1+ 23. Qxe1 Nxd5 24. Bxg6 fxg6 25. Nce5 {½-½ Caruana,F (2808)-Carlsen,M (2832) Paris GCT Rapid 2017 (8)}) ({RR} 10... Re8 11. Re1 h6 12. Nbd2 Bf8 13. h3 b4 14. d4 bxc3 15. bxc3 exd4 16. cxd4 Nb4 17. Bb1 c5 18. d5 a5 19. Nc4 Bc8 20. Ra3 Ba6 21. Nfd2 g6 22. Bb2 Bg7 23. Qc1 Qc7 24. Rf3 Nd7 25. Bxg7 {0-1 Kulaots,K (2551)-Mons,L (2554) Bundesliga 1819 2018 (9.7)}) 11. exd5 ({RR} 11. Bg5 dxe4 12. dxe4 Be6 13. Nbd2 Nd7 14. axb5 axb5 15. Rxa8 Qxa8 16. Bxe7 Nxe7 17. Ng5 Qc6 18. Nxe6 Qxe6 19. Bb3 Qd6 20. Qe2 b4 21. Rd1 bxc3 22. bxc3 Nc5 23. Nf3 Qb6 24. Bc4 Ng6 25. g3 h6 {0-1 Fressinet,L (2652)-Smirnov,P (2538) Aimchess Rapid Div 3 L 2023 (4.1)}) 11... Nxd5 12. Re1 Bf6 $146 ({RR} 12... Bd6 13. Nbd2 Nf6 14. Nf1 h6 15. Ng3 Bc5 16. h3 Re8 17. axb5 axb5 18. Rxa8 Qxa8 19. Nh4 b4 20. Nhf5 bxc3 21. bxc3 Ne7 22. Nxg7 Kxg7 23. d4 exd4 24. Nh5+ Nxh5 25. Qxh5 Qc6 26. Re5 Nf5 27. Rxe8 {1-0 Sosa,T (2508)-Aizpurua,P (2261) Iberoamerican-ch 7th 2019 (4)}) 13. Nbd2 g6 14. Ne4 Bg7 15. Bb3 Nde7 16. Bg5 Bf5 17. axb5 axb5 18. Rxa8 Qxa8 19. Nf6+ Kh8 20. Nxe5 Nxe5 21. Rxe5 h6 22. Bh4 Ng8 23. Rxf5 gxf5 24. Nd7 Rc8 25. Nc5 Qc6 26. d4 Nf6 27. Bxf7 Rf8 28. Bb3 Re8 29. h3 Ne4 30. Ne6 Bf6 31. Qh5 Rxe6 32. Qxh6+ Kg8 33. Bxf6 1-0

[Event "45th Olympiad 2024"]
[Site "Budapest HUN"]
[Date "2024.09.11"]
[Round "1.60"]
[Board "4"]
[White "Alabdaljader, Mohammed"]
[Black "Timoshin, Andrei"]
[Result "0-1"]
[WhiteElo "1677"]
[BlackElo "2230"]
[PlyCount "74"]
[EventDate "2024.09.11"]
[WhiteTeam "Kuwait"]
[BlackTeam "Estonia"]
[WhiteTeamCountry "KUW"]
[BlackTeamCountry "EST"]

1. e4 c6 2. Nf3 d5 3. Nc3 dxe4 4. Nxe4 Nf6 5. Nxf6+ exf6 6. Bc4 Bd6 7. O-O O-O 8. h3 Re8 9. d4 Nd7 10. c3 ({RR} 10. Re1 Nf8 11. c3 Ng6 12. Be3 Bf5 13. Bd3 Be6 14. Nd2 Qd7 15. Ne4 Rad8 16. Nxd6 Qxd6 17. Bf1 b5 18. a4 a6 19. axb5 axb5 20. Ra6 Bd5 21. Bxb5 Bxg2 22. Bf1 Bxf1 23. Rxf1 Qd5 24. Qg4 Re4 {0-1 Tsydypov,Z (2565)-Svane,R (2615) Titled Arena May 8th blitz 2021}) 10... Nf8 11. Bd2 Ng6 $146 ({RR} 11... Bc7 12. Qb3 Be6 13. Bxe6 Nxe6 14. Qxb7 Rb8 15. Qxc6 Rb6 16. Qc4 Rxb2 17. d5 Nf8 18. Rad1 Qd6 19. Bc1 Rbe2 20. Ba3 Qd7 21. d6 Bb6 22. Bc5 Qc6 23. Nd4 Qxc5 24. Qxc5 Bxc5 25. Nxe2 Rxe2 26. d7 {0-1 Bagirova,K (1812)-Nilsson,J (2305) Titled Tuesday intern op 1st Oct blitz 2019 (7)}) ({RR} 11... Bf5 12. Nh4 Be4 13. f3 Bd5 14. Bxd5 cxd5 15. Nf5 Bc7 16. f4 Qd7 17. Qg4 g6 18. Ng3 f5 19. Qf3 Ne6 20. Rae1 Kg7 21. Nh1 Qd6 22. g3 h5 23. h4 Rad8 24. Nf2 Nf8 25. Rxe8 Rxe8 26. Re1 {0-1 Pasti,A (2099)-Krstulovic,A (2324) HUN-chT U18 Budapest 2019 (1.1)}) 12. Qb3 Qc7 13. Rfe1 Bf5 14. Rad1 Be4 15. Ne5 Bxe5 16. dxe5 Rxe5 17. Be3 c5 18. Rd2 Bc6 19. Red1 Rae8 20. Rd6 R5e7 21. a3 b6 22. a4 f5 23. g3 f4 24. gxf4 Nh4 25. Bd5 Bxd5 26. Qxd5 Qc8 27. Rd7 g6 28. Kf1 Nf5 29. Bc1 Qa6+ 30. Kg2 Qxa4 31. Rxe7 Rxe7 32. c4 Qb3 33. Rd3 Qc2 34. Bd2 Re8 35. Bc3 Qe2 36. Qd8 Qe4+ 37. Kg1 Nd4 0-1

[Event "45th Olympiad 2024"]
[Site "Budapest HUN"]
[Date "2024.09.11"]
[Round "1.61"]
[Board "1"]
[White "Prudente, Elmer"]
[Black "Fluvia Poyatos, Jordi"]
[Result "0-1"]
[WhiteElo "1949"]
[BlackElo "2438"]
[PlyCount "54"]
[EventDate "2024.09.11"]
[WhiteTeam "Guam"]
[BlackTeam "Andorra"]
[WhiteTeamCountry "GMA"]
[BlackTeamCountry "AND"]

1. e4 d6 2. d4 Nf6 3. Nc3 g6 4. f4 Bg7 5. Nf3 O-O 6. Be3 b6 7. e5 Ng4 8. Bg1 c5 9. dxc5 bxc5 10. h3 Nh6 11. Bc4 Nc6 12. Bd5 $146 ({RR} 12. Bf2 Rb8 13. O-O dxe5 14. fxe5 Nxe5 15. Nxe5 Bxe5 16. Qxd8 Rxd8 17. Rae1 Bd4 18. Rxe7 Rxb2 19. Bxd4 cxd4 20. Ne4 Bf5 21. Ng5 Rf8 22. h4 Bxc2 {½-½ Kaplan,S (2326)-Kantsler,B (2474) ISR-ch Ramat Aviv 2004 (1)}) ({RR} 12. Qe2 Nf5 13. Bf2 Nfd4 14. Bxd4 Nxd4 15. Nxd4 cxd4 16. Qe4 dxc3 17. Qxa8 cxb2 18. Rd1 Qa5+ 19. Kf1 Be6 20. Qe4 d5 21. Qe1 Qxe1+ 22. Kxe1 dxc4 23. Kd2 f6 24. Rb1 fxe5 25. Rhe1 Rd8+ 26. Kc3 exf4+ {0-1 Treffert,P (2325)-Hoffmann,R (2155) Bischwiller 1998 (1)}) 12... Qb6 13. Bf2 dxe5 14. fxe5 Rd8 15. Qe2 Bb7 16. O-O Nd4 17. Nxd4 cxd4 18. Bxb7 Qxb7 19. Nb5 d3 20. cxd3 Qxb5 21. Rad1 Qxe5 22. Qxe5 Bxe5 23. Rfe1 Bd6 24. d4 Rdc8 25. Re2 Nf5 26. g4 Ng7 27. Bh4 Ne6 0-1